| 000 | 00615cam a2200217 a 4500 | ||
|---|---|---|---|
| 001 | 000018771 | ||
| 005 | 20200929165845.0 | ||
| 008 | 840323s1970 fr a 000 0 fre d | ||
| 040 |
_aDO-SdBNP _bfre _cLC _dBNPHU |
||
| 042 | _apremarc | ||
| 050 | 0 | 0 |
_aNC1499.B43 _bA57 |
| 082 |
_ann* _bnn* |
||
| 100 | 1 |
_aDavoust, Eugène. _940496 |
|
| 245 | 1 | 4 |
_aUne Famille bien française / _cEugène Davoust. |
| 260 |
_aParis : _bHachette, _c1970. |
||
| 300 |
_a93 p. : _bil. ; _c18 cm. |
||
| 490 | 1 | _aDialogue et Théâtre | |
| 830 | 0 |
_aDialogue et Théâtre _940497 |
|
| 910 | _aCatalogación derivada / LC | ||
| 049 | _aBNGR | ||
| 999 |
_c18291 _d18291 |
||